Covers of Famous Songs - Statistics

General Stats
  • This quiz has been taken 43 times
  • The average score is 6 of 12
Answer Stats
Original Cover Song % Correct
Dolly Parton Whitney Houston I Will Always Love You
88%
Aerosmith Run-DMC Walk This Way
76%
Bob Marley Eric Clapton I Shot The Sheriff
74%
The Guess Who Lenny Kravitz American Woman
68%
Otis Redding Aretha Franklin Respect
62%
Eagles Travis Tritt Take It Easy
50%
Prince Sinead O'Connor Nothing Compares 2 U
47%
Bruce Springsteen Manfred Mann's Earth Band Blinded by the Light
38%
Stevie Wonder Red Hot Chili Peppers Higher Ground
38%
Old Crow Medicine Show Darius Rucker Wagon Wheel
26%
Jason Isbel Morgan Wallen Cover Me Up
12%
Black Sabbath Charles Bradley Changes
6%
No matching quizzes found
Score Distribution
Percent of People with Each Score
Percentile by Number Answered
Your Score History
You have not taken this quiz